000 01164nam a2200289Ia 4500
003 OSt
005 20221005111012.0
006 a|||||r|||| 00| 0
007 ta
008 221004b |||||||| |||| 00| 0 ben d
020 _a9788171195398 (hbk)
_c350
024 _a17609
037 _bBR8399, 21/03/2015, Rajkamal Prakashan Pvt. Ltd.
_cTextual
040 _aCRL
_cCRL
_bben
041 _2ben
_aben
082 _aO157,3N26,JK, 152Q0
100 _aमहाश्वेता देवी
245 0 _aझॉंसी की रानी
246 _aZaॉansī kī rānī
250 _a2 संशोधित संस्करण
260 _aनई दिल्ली
_bराधाकृष्ण भारत
_c2010
300 _a318पृ0
_ccm.
650 _aबंगाली साहित्य
700 _a द्विवेदी, रमाशंकर, संपा.
942 _hO157,3N26,JK, 152Q0
_cTEXL
_2cc
999 _c1020531
_d1020531